[Event "Moscow Open A,B"]
[Site "?"]
[Date "2017.01.30"]
[Round "3.9"]
[White "Savitskiy, Sergey"]
[Black "Tran, Tuan Minh"]
[Result "0-1"]
[BlackElo "2478"]
[WhiteElo "2415"]
[LiveChessVersion "1.4.8"]

1. Nf3 {[%clk 1:30:54]} Nf6 {[%clk 1:28:42]} 2. g3 {[%clk 1:31:08]} c5
{[%clk 1:27:12]} 3. Bg2 {[%clk 1:31:24]} Nc6 {[%clk 1:27:26]} 4. O-O
{[%clk 1:31:39]} g6 {[%clk 1:26:23]} 5. d3 {[%clk 1:31:40]} Bg7 {[%clk 1:26:34]}
6. Nc3 {[%clk 1:28:09]} O-O {[%clk 1:25:54]} 7. e4 {[%clk 1:24:13]} d5
{[%clk 1:21:11]} 8. exd5 {[%clk 1:21:55]} Nxd5 {[%clk 1:21:17]} 9. Nxd5
{[%clk 1:22:10]} Qxd5 {[%clk 1:21:44]} 10. Nd2 {[%clk 1:22:23]} Qd7
{[%clk 1:22:02]} 11. a4 {[%clk 1:20:48]} Na5 {[%clk 0:58:30]} 12. Qe2
{[%clk 1:11:27]} Qc7 {[%clk 0:47:32]} 13. Re1 {[%clk 1:03:00]} Be6
{[%clk 0:45:48]} 14. c3 {[%clk 1:00:30]} Qd7 {[%clk 0:37:38]} 15. Ra3
{[%clk 0:38:13]} Rad8 {[%clk 0:34:15]} 16. Ne4 {[%clk 0:34:36]} b6
{[%clk 0:34:13]} 17. Bf1 {[%clk 0:25:14]} Bh3 {[%clk 0:26:44]} 18. Bxh3
{[%clk 0:20:26]} Qxh3 {[%clk 0:27:12]} 19. f4 {[%clk 0:18:46]} Qd7
{[%clk 0:26:25]} 20. Nf2 {[%clk 0:19:06]} Rfe8 {[%clk 0:26:52]} 21. Qf3
{[%clk 0:18:22]} e6 {[%clk 0:10:35]} 22. Kg2 {[%clk 0:17:56]} Re7
{[%clk 0:09:52]} 23. Be3 {[%clk 0:13:53]} Qe8 {[%clk 0:10:10]} 24. Raa1
{[%clk 0:13:36]} Red7 {[%clk 0:10:04]} 25. Rab1 {[%clk 0:08:35]} Rd5
{[%clk 0:09:51]} 26. b4 {[%clk 0:08:11]} cxb4 {[%clk 0:09:25]} 27. cxb4
{[%clk 0:08:35]} Nc6 {[%clk 0:08:51]} 28. b5 {[%clk 0:07:57]} Nd4
{[%clk 0:07:27]} 29. Bxd4 {[%clk 0:08:15]} Bxd4 {[%clk 0:07:54]} 30. Ne4
{[%clk 0:08:26]} Qe7 {[%clk 0:08:21]} 31. Rb3 {[%clk 0:07:17]} Rc8
{[%clk 0:07:52]} 32. Nd2 {[%clk 0:07:32]} Qc5 {[%clk 0:05:12]} 33. Nc4
{[%clk 0:07:49]} Kg7 {[%clk 0:04:47]} 34. Re2 {[%clk 0:07:17]} Rcd8
{[%clk 0:04:57]} 35. Kf1 {[%clk 0:04:58]} Bf6 {[%clk 0:04:56]} 36. Kg2
{[%clk 0:05:16]} Qd4 {[%clk 0:03:16]} 37. Re1 {[%clk 0:05:19]} h6
{[%clk 0:01:55]} 38. Qe3 {[%clk 0:02:27]} g5 {[%clk 0:02:23]} 39. fxg5
{[%clk 0:01:05]} hxg5 {[%clk 0:02:25]} 40. h3 {[%clk 0:31:01]} Qxe3
{[%clk 0:30:38]} 41. Rxe3 {[%clk 0:31:25]} Bd4 {[%clk 0:20:28]} 42. Rf3
{[%clk 0:31:26]} Bc5 {[%clk 0:20:10]} 43. g4 {[%clk 0:30:35]} Bd6
{[%clk 0:14:03]} 44. Nxd6 {[%clk 0:16:54]} R5xd6 {[%clk 0:09:49]} 45. Rc3
{[%clk 0:16:38]} Rd4 {[%clk 0:10:14]} 46. Rc7 {[%clk 0:16:06]} R8d7
{[%clk 0:10:39]} 47. Rc4 {[%clk 0:16:30]} Kf8 {[%clk 0:06:45]} 48. Kf2
{[%clk 0:11:46]} Ke7 {[%clk 0:06:12]} 49. Ke2 {[%clk 0:10:23]} e5
{[%clk 0:04:31]} 50. Re3 {[%clk 0:05:27]} Ke6 {[%clk 0:03:57]} 51. Rc6+
{[%clk 0:04:14]} R7d6 {[%clk 0:04:12]} 52. Rc4 Rxc4 {[%clk 0:03:42]} 53. dxc4
{[%clk 0:04:13]} Rd4 {[%clk 0:04:09]} 54. Rc3 {[%clk 0:04:38]} Kd6
{[%clk 0:04:26]} 55. Rf3 {[%clk 0:05:01]} Re4+ {[%clk 0:04:03]} 56. Kd3
{[%clk 0:01:15]} Rf4 {[%clk 0:04:20]} 57. Re3 {[%clk 0:01:44]} f6
{[%clk 0:04:39]} 58. Re1 {[%clk 0:01:27]} Kc5 {[%clk 0:04:51]} 59. Rc1
{[%clk 0:01:21]} Rd4+ {[%clk 0:05:09]} 60. Ke3 {[%clk 0:01:47]} Rxc4
{[%clk 0:05:17]} 61. Rf1 {[%clk 0:02:13]} Rf4 {[%clk 0:05:42]} 62. Rc1+
{[%clk 0:02:28]} Kb4 {[%clk 0:06:03]} 63. Kd4 0-1

[Event "Moscow Open A,B"]
[Site "?"]
[Date "2017.01.30"]
[Round "3.10"]
[White "Khegay, Dmitriy"]
[Black "Saveliev, Alexei"]
[Result "1/2-1/2"]
[BlackElo "2379"]
[WhiteElo "2478"]
[LiveChessVersion "1.4.8"]

1. e4 {[%clk 1:29:01]} e6 {[%clk 1:29:26]} 2. d4 {[%clk 1:28:01]} d5
{[%clk 1:29:50]} 3. Nd2 {[%clk 1:28:27]} dxe4 {[%clk 1:29:17]} 4. Nxe4
{[%clk 1:28:51]} Nd7 {[%clk 1:29:45]} 5. Nf3 {[%clk 1:29:13]} Ngf6
{[%clk 1:30:10]} 6. Bg5 {[%clk 1:29:33]} Be7 {[%clk 1:30:09]} 7. Nxf6+
{[%clk 1:29:56]} Nxf6 {[%clk 1:14:54]} 8. Bd3 {[%clk 1:30:17]} O-O
{[%clk 1:14:14]} 9. Qe2 {[%clk 1:30:42]} Nd5 {[%clk 1:07:30]} 10. h4
{[%clk 1:23:51]} Nb4 {[%clk 0:54:55]} 11. Bc4 {[%clk 1:22:14]} f6
{[%clk 0:31:55]} 12. Be3 {[%clk 1:22:36]} Rb8 {[%clk 0:31:45]} 13. a3
{[%clk 0:32:45]} Nd5 {[%clk 0:31:25]} 14. O-O {[%clk 0:30:06]} Bd6
{[%clk 0:24:28]} 15. Bd3 {[%clk 0:30:01]} c6 {[%clk 0:24:36]} 16. c4
{[%clk 0:30:19]} Ne7 {[%clk 0:25:00]} 17. Bd2 {[%clk 0:30:17]} b6
{[%clk 0:20:54]} 18. Qe4 {[%clk 0:30:04]} g6 {[%clk 0:19:57]} 19. Rad1
{[%clk 0:29:04]} Qd7 {[%clk 0:13:41]} 20. Bf4 {[%clk 0:28:36]} Bb7
{[%clk 0:12:25]} 21. Bxd6 {[%clk 0:28:56]} Qxd6 {[%clk 0:12:53]} 22. Rfe1
{[%clk 0:29:01]} Kf7 {[%clk 0:13:00]} 23. c5 {[%clk 0:28:15]} Qd7
{[%clk 0:10:01]} 24. h5 {[%clk 0:28:38]} Rbe8 {[%clk 0:09:19]} 25. Qh4
{[%clk 0:19:46]} Kg7 {[%clk 0:08:41]} 26. Qg4 {[%clk 0:17:18]} Bc8
{[%clk 0:04:44]} 27. Nh4 {[%clk 0:16:41]} g5 {[%clk 0:04:43]} 28. Qe4
{[%clk 0:13:45]} Nf5 {[%clk 0:04:39]} 29. Nf3 {[%clk 0:14:09]} Kh8
{[%clk 0:03:10]} 30. b4 {[%clk 0:13:58]} Rg8 {[%clk 0:01:17]} 31. Nh2
{[%clk 0:09:14]} Qd5 {[%clk 0:00:33]} 32. Ng4 {[%clk 0:09:08]} Kg7
{[%clk 0:00:48]} 33. Bb1 {[%clk 0:05:06]} Rgf8 {[%clk 0:00:46]} 34. Qc2
{[%clk 0:04:20]} Qd7 {[%clk 0:00:37]} 35. Ne3 {[%clk 0:04:17]} Kh6
{[%clk 0:00:40]} 36. Qc3 {[%clk 0:01:32]} Nxe3 {[%clk 0:00:38]} 37. Qxe3
{[%clk 0:01:57]} f5 {[%clk 0:00:32]} 38. Ba2 {[%clk 0:01:57]} Kxh5
{[%clk 0:00:32]} 39. Qe5 {[%clk 0:01:57]} Kg6 {[%clk 0:00:32]} 40. g4
{[%clk 0:30:49]} h5 {[%clk 0:30:40]} 41. gxh5+ {[%clk 0:30:49]} Kh6
{[%clk 0:30:40]} 42. Kg2 {[%clk 0:30:49]} Qf7 {[%clk 0:30:40]} 43. f3
{[%clk 0:30:49]} Qf6 {[%clk 0:17:26]} 44. a4 {[%clk 0:24:57]} Bd7
{[%clk 0:14:49]} 45. Qd6 {[%clk 0:24:52]} Qe7 {[%clk 0:14:49]} 46. Qc7
{[%clk 0:24:34]} f4 {[%clk 0:10:13]} 47. Qe5 {[%clk 0:24:34]} Rf5
{[%clk 0:10:13]} 48. Qe4 {[%clk 0:24:34]} g4 {[%clk 0:10:13]} 49. fxg4
{[%clk 0:03:27]} Qh4 {[%clk 0:05:20]} 50. Rg1 {[%clk 0:02:32]} f3+
{[%clk 0:00:48]} 51. Kf1 {[%clk 0:03:01]} Qh3+ {[%clk 0:00:54]} 52. Kf2
{[%clk 0:03:24]} Qh2+ {[%clk 0:00:45]} 53. Kf1 {[%clk 0:03:45]} Qh3+
{[%clk 0:00:41]} 54. Kf2 {[%clk 0:04:05]} Qh2+ {[%clk 0:00:42]} 55. Kf1
{[%clk 0:04:28]} Qh3+ {[%clk 0:00:38]} 56. Kf2 {[%clk 0:04:52]} Qh2+
{[%clk 0:00:46]} 57. Kf1 {[%clk 0:05:16]} 1/2-1/2

[Event "Moscow Open A,B"]
[Site "?"]
[Date "2017.01.30"]
[Round "3.11"]
[White "Odeev, Handszar"]
[Black "Triapishko, Alexandr"]
[Result "1/2-1/2"]
[BlackElo "2478"]
[WhiteElo "2397"]
[LiveChessVersion "1.4.8"]

1. e4 {[%clk 1:27:34]} e5 {[%clk 1:30:51]} 2. Nf3 {[%clk 1:27:15]} Nc6
{[%clk 1:31:08]} 3. d4 {[%clk 1:26:50]} exd4 {[%clk 1:31:23]} 4. Nxd4
{[%clk 1:26:59]} Bc5 {[%clk 1:31:34]} 5. Be3 {[%clk 1:27:21]} Qf6
{[%clk 1:31:37]} 6. c3 {[%clk 1:27:48]} Nge7 {[%clk 1:31:26]} 7. Bc4
{[%clk 1:27:59]} Ne5 {[%clk 1:29:35]} 8. Be2 {[%clk 1:28:21]} Qg6
{[%clk 1:26:32]} 9. O-O {[%clk 1:28:15]} d6 {[%clk 1:26:20]} 10. f4
{[%clk 1:25:48]} Qxe4 {[%clk 1:23:12]} 11. Bf2 {[%clk 1:26:06]} Bxd4
{[%clk 1:20:33]} 12. cxd4 {[%clk 1:26:29]} N5g6 {[%clk 1:20:24]} 13. g3
{[%clk 1:26:27]} Bh3 {[%clk 1:16:25]} 14. Bf3 {[%clk 1:25:54]} Qf5
{[%clk 1:16:47]} 15. Re1 {[%clk 1:25:24]} O-O {[%clk 1:10:04]} 16. d5
{[%clk 1:13:27]} Qd7 {[%clk 1:00:49]} 17. Nc3 {[%clk 1:13:17]} c5
{[%clk 0:58:35]} 18. dxc6 {[%clk 1:01:59]} bxc6 {[%clk 0:58:41]} 19. Ne4
{[%clk 1:02:18]} Rad8 {[%clk 0:44:43]} 20. Ng5 {[%clk 0:45:22]} Bf5
{[%clk 0:35:29]} 21. g4 {[%clk 0:38:12]} Be6 {[%clk 0:35:07]} 22. f5
{[%clk 0:36:10]} Bxf5 {[%clk 0:35:00]} 23. gxf5 {[%clk 0:36:33]} Qxf5
{[%clk 0:35:18]} 24. Ne4 {[%clk 0:23:19]} Ne5 {[%clk 0:34:35]} 25. Bg2
{[%clk 0:23:07]} Qg6 {[%clk 0:31:41]} 26. Qb3 {[%clk 0:12:23]} Nf5
{[%clk 0:27:39]} 27. Rad1 {[%clk 0:12:46]} Rfe8 {[%clk 0:25:25]} 28. Bg3
{[%clk 0:09:23]} h5 {[%clk 0:15:19]} 29. Kh1 {[%clk 0:04:28]} h4 {[%clk 0:09:26]}
30. Bf4 {[%clk 0:04:25]} d5 {[%clk 0:07:38]} 31. Nf2 {[%clk 0:04:13]} Nc4
{[%clk 0:07:18]} 32. Qc3 {[%clk 0:04:04]} Nfd6 {[%clk 0:04:38]} 33. b3
{[%clk 0:03:48]} Qf5 {[%clk 0:04:41]} 34. Bxd6 {[%clk 0:03:03]} Nxd6
{[%clk 0:04:40]} 35. Qf3 {[%clk 0:01:21]} Qxf3 {[%clk 0:02:49]} 36. Bxf3
{[%clk 0:01:50]} Nb5 {[%clk 0:03:14]} 37. Rxe8+ {[%clk 0:01:31]} Rxe8
{[%clk 0:03:43]} 38. Rc1 {[%clk 0:01:38]} Nd4 {[%clk 0:03:33]} 39. Kg2
{[%clk 0:01:16]} Re3 {[%clk 0:01:49]} 40. Bd1 {[%clk 0:31:03]} f5
{[%clk 0:31:52]} 41. Rc5 {[%clk 0:25:26]} g5 {[%clk 0:25:16]} 42. Ra5
{[%clk 0:17:55]} Re1 {[%clk 0:17:10]} 43. Bh5 {[%clk 0:07:11]} Ne6
{[%clk 0:11:15]} 44. Nd3 {[%clk 0:07:04]} Re3 {[%clk 0:06:05]} 45. Rxa7
{[%clk 0:07:24]} Kh8 {[%clk 0:05:07]} 46. Re7 {[%clk 0:04:49]} g4
{[%clk 0:04:08]} 47. Bf7 {[%clk 0:03:27]} h3+ {[%clk 0:02:35]} 48. Kg1
{[%clk 0:02:57]} Rxd3 {[%clk 0:02:58]} 49. Bxe6 {[%clk 0:01:42]} Rd2
{[%clk 0:00:50]} 50. Bxf5 {[%clk 0:01:44]} Rxa2 {[%clk 0:00:56]} 51. Rh7+
{[%clk 0:01:00]} Kg8 {[%clk 0:01:23]} 52. Rh4 {[%clk 0:01:14]} Ra1+
{[%clk 0:00:43]} 53. Kf2 {[%clk 0:01:43]} Ra2+ {[%clk 0:01:05]} 54. Kg3
{[%clk 0:01:02]} Rg2+ {[%clk 0:01:20]} 55. Kf4 {[%clk 0:01:23]} Rxh2
{[%clk 0:01:30]} 56. Kxg4 {[%clk 0:01:00]} Rg2+ {[%clk 0:01:04]} 57. Kxh3
{[%clk 0:01:13]} Rb2 {[%clk 0:01:20]} 58. b4 {[%clk 0:00:36]} Rb3+
{[%clk 0:01:46]} 59. Kg2 {[%clk 0:00:46]} c5 {[%clk 0:01:29]} 60. bxc5
{[%clk 0:00:48]} Rc3 {[%clk 0:01:56]} 61. Be6+ {[%clk 0:01:04]} Kf8
{[%clk 0:01:48]} 62. Bxd5 {[%clk 0:00:46]} Rxc5 {[%clk 0:02:14]} 63. Bc4
{[%clk 0:01:01]} Ke7 {[%clk 0:02:18]} 64. Kf3 {[%clk 0:01:18]} Kd6
{[%clk 0:02:00]} 65. Ke3 {[%clk 0:01:39]} Ke5 {[%clk 0:01:35]} 66. Re4+
{[%clk 0:00:52]} Kf5 {[%clk 0:01:29]} 67. Be6+ {[%clk 0:01:07]} Kf6
{[%clk 0:01:39]} 68. Kf4 {[%clk 0:01:07]} Rc6 {[%clk 0:01:11]} 69. Bd5
{[%clk 0:00:47]} Ra6 {[%clk 0:01:17]} 70. Re5 {[%clk 0:00:48]} Ra4+
{[%clk 0:01:36]} 71. Be4 {[%clk 0:01:08]} Ra1 {[%clk 0:01:26]} 72. Rh5
{[%clk 0:01:16]} Rf1+ {[%clk 0:01:26]} 73. Bf3 {[%clk 0:01:35]} Ke6
{[%clk 0:01:32]} 74. Rh6+ {[%clk 0:01:56]} Ke7 {[%clk 0:01:50]} 75. Ke4 Kf7
{[%clk 0:01:44]} 76. Bh5+ {[%clk 0:01:31]} Ke7 {[%clk 0:01:03]} 77. Ke5
{[%clk 0:01:36]} Re1+ {[%clk 0:01:14]} 78. Kd5 {[%clk 0:01:54]} Re3
{[%clk 0:01:16]} 79. Bg4 {[%clk 0:01:35]} Rd3+ {[%clk 0:01:16]} 80. Ke5
{[%clk 0:01:40]} Re3+ {[%clk 0:01:43]} 81. Kf4 {[%clk 0:01:13]} Re1
{[%clk 0:01:45]} 82. Bf5 {[%clk 0:01:27]} Rf1+ {[%clk 0:01:25]} 83. Ke5
{[%clk 0:01:47]} Re1+ {[%clk 0:01:44]} 84. Be4 {[%clk 0:02:10]} Ke8
{[%clk 0:02:08]} 85. Rh7 {[%clk 0:02:04]} Re2 {[%clk 0:02:24]} 86. Kd5
{[%clk 0:01:19]} Kf8 {[%clk 0:02:51]} 87. Ra7 {[%clk 0:01:10]} Re1
{[%clk 0:03:08]} 88. Ke5 {[%clk 0:00:59]} Ke8 {[%clk 0:03:31]} 89. Kf5
{[%clk 0:00:43]} Kd8 {[%clk 0:03:52]} 90. Ke5 {[%clk 0:00:39]} Ke8
{[%clk 0:04:13]} 91. Ra4 {[%clk 0:00:42]} Ke7 {[%clk 0:04:26]} 92. Rb4
{[%clk 0:00:43]} Re2 {[%clk 0:04:10]} 93. Rb7+ {[%clk 0:00:50]} Ke8
{[%clk 0:04:29]} 94. Kd5 {[%clk 0:00:37]} Kf8 {[%clk 0:04:52]} 95. Bf5
{[%clk 0:00:34]} Re7 {[%clk 0:04:51]} 96. Rb8+ {[%clk 0:00:45]} Re8
{[%clk 0:05:04]} 97. Rb6 {[%clk 0:01:02]} Re1 {[%clk 0:03:39]} 98. Rf6+
{[%clk 0:00:39]} Ke7 {[%clk 0:03:49]} 99. Rg6 {[%clk 0:00:50]} Kf7
{[%clk 0:03:48]} 100. Rb6 {[%clk 0:00:39]} Ke7 {[%clk 0:03:43]} 101. Be4
{[%clk 0:00:44]} Rd1+ {[%clk 0:03:47]} 102. Ke5 {[%clk 0:01:07]} Re1
{[%clk 0:04:05]} 103. Rb7+ {[%clk 0:00:54]} Ke8 {[%clk 0:04:30]} 104. Rb4
{[%clk 0:00:34]} Ke7 {[%clk 0:04:37]} 1/2-1/2

[Event "Moscow Open A,B"]
[Site "?"]
[Date "2017.01.30"]
[Round "3.12"]
[White "Tsydypov, Zhamsaran"]
[Black "Anchutin, Nikita"]
[Result "1-0"]
[BlackElo "2168"]
[WhiteElo "2468"]
[LiveChessVersion "1.4.8"]

1. e4 {[%clk 1:07:18]} c5 {[%clk 1:30:54]} 2. Nf3 {[%clk 1:07:42]} e6
{[%clk 1:31:19]} 3. d4 {[%clk 1:08:00]} cxd4 {[%clk 1:31:43]} 4. Nxd4
{[%clk 1:08:29]} a6 {[%clk 1:32:05]} 5. Bd3 {[%clk 1:08:30]} Bc5 {[%clk 1:32:07]}
6. Nb3 {[%clk 1:08:40]} Be7 {[%clk 1:32:29]} 7. O-O {[%clk 1:08:46]} d6
{[%clk 1:31:34]} 8. Qg4 {[%clk 1:07:16]} Bf6 {[%clk 1:27:46]} 9. N1d2
{[%clk 1:04:39]} Nd7 {[%clk 1:16:02]} 10. f4 {[%clk 1:00:11]} Ne7
{[%clk 1:14:39]} 11. Nc4 {[%clk 0:56:18]} Qc7 {[%clk 1:06:01]} 12. a4
{[%clk 0:54:40]} d5 {[%clk 0:50:08]} 13. Ncd2 {[%clk 0:51:34]} dxe4
{[%clk 0:48:48]} 14. Nxe4 {[%clk 0:51:51]} O-O {[%clk 0:42:49]} 15. Qh3
{[%clk 0:48:24]} Nd5 {[%clk 0:35:00]} 16. Bd2 {[%clk 0:46:14]} h6
{[%clk 0:26:14]} 17. g4 {[%clk 0:35:30]} Bxb2 {[%clk 0:15:33]} 18. Ra2
{[%clk 0:31:58]} Bf6 {[%clk 0:14:09]} 19. g5 {[%clk 0:31:08]} Be7
{[%clk 0:13:18]} 20. gxh6 {[%clk 0:30:49]} g6 {[%clk 0:12:45]} 21. Qg2
{[%clk 0:28:14]} Nc5 {[%clk 0:11:09]} 22. Nbxc5 {[%clk 0:25:27]} Bxc5+
{[%clk 0:11:31]} 23. Kh1 {[%clk 0:25:34]} Bd4 {[%clk 0:10:35]} 24. c3
{[%clk 0:24:28]} Bh8 {[%clk 0:10:41]} 25. h7+ {[%clk 0:16:29]} Kxh7
{[%clk 0:10:49]} 26. c4 {[%clk 0:16:53]} Nf6 {[%clk 0:10:06]} 27. Bc3
{[%clk 0:17:16]} Nh5 {[%clk 0:09:23]} 28. Ng5+ {[%clk 0:17:35]} Kg8
{[%clk 0:09:21]} 29. Nxf7 {[%clk 0:17:51]} Rxf7 {[%clk 0:05:01]} 30. Qxg6+
{[%clk 0:17:43]} Rg7 {[%clk 0:03:16]} 31. Qe8# {[%clk 0:18:07]} 1-0

[Event "Moscow Open A,B"]
[Site "?"]
[Date "2017.01.30"]
[Round "3.13"]
[White "Tran, Minh Thang"]
[Black "Sjugirov, Sanan"]
[Result "0-1"]
[BlackElo "2673"]
[WhiteElo "2399"]
[LiveChessVersion "1.4.8"]

1. d4 {[%clk 1:29:04]} Nf6 {[%clk 1:30:42]} 2. Nf3 {[%clk 1:29:16]} g6
{[%clk 1:26:30]} 3. Bf4 {[%clk 1:27:28]} Bg7 {[%clk 1:26:32]} 4. e3
{[%clk 1:27:25]} O-O {[%clk 1:26:33]} 5. Be2 {[%clk 1:25:09]} d6 {[%clk 1:25:57]}
6. O-O {[%clk 1:25:25]} Nbd7 {[%clk 1:22:38]} 7. h3 {[%clk 1:24:21]} b6
{[%clk 1:22:14]} 8. a4 {[%clk 1:24:29]} a5 {[%clk 1:20:55]} 9. Nbd2
{[%clk 1:18:09]} Bb7 {[%clk 1:20:51]} 10. c3 {[%clk 1:09:26]} Re8
{[%clk 1:20:38]} 11. Qc2 {[%clk 1:00:40]} e5 {[%clk 1:13:13]} 12. dxe5
{[%clk 0:59:12]} dxe5 {[%clk 1:10:32]} 13. Bg5 {[%clk 0:57:11]} h6
{[%clk 1:03:13]} 14. Bh4 {[%clk 0:54:09]} Qe7 {[%clk 0:58:46]} 15. Rfb1
{[%clk 0:41:52]} Nc5 {[%clk 0:47:18]} 16. b4 {[%clk 0:39:04]} Nce4
{[%clk 0:45:05]} 17. Bb5 {[%clk 0:36:51]} Nxd2 {[%clk 0:31:49]} 18. Nxd2
{[%clk 0:34:25]} Red8 {[%clk 0:32:04]} 19. Ne4 {[%clk 0:24:17]} g5
{[%clk 0:26:37]} 20. Nxf6+ {[%clk 0:23:21]} Bxf6 {[%clk 0:25:33]} 21. Bg3
{[%clk 0:23:43]} e4 {[%clk 0:25:44]} 22. bxa5 {[%clk 0:15:03]} Rxa5
{[%clk 0:25:53]} 23. Rd1 {[%clk 0:15:00]} Raa8 {[%clk 0:25:32]} 24. Qb3
{[%clk 0:09:48]} h5 {[%clk 0:24:33]} 25. Rac1 {[%clk 0:08:25]} h4
{[%clk 0:23:10]} 26. Bh2 {[%clk 0:08:43]} Kg7 {[%clk 0:21:35]} 27. Rxd8
{[%clk 0:06:05]} Rxd8 {[%clk 0:21:50]} 28. Qb4 {[%clk 0:06:22]} c5
{[%clk 0:17:22]} 29. Qb2 {[%clk 0:04:57]} Bc8 {[%clk 0:08:27]} 30. Bc4
{[%clk 0:01:10]} Qa7 {[%clk 0:04:00]} 31. Qc2 {[%clk 0:01:23]} Bf5
{[%clk 0:03:31]} 32. Bb5 {[%clk 0:00:31]} Qe7 {[%clk 0:03:10]} 33. Qb2
{[%clk 0:00:31]} g4 {[%clk 0:02:33]} 34. hxg4 {[%clk 0:00:59]} Bxg4
{[%clk 0:02:59]} 35. Bf1 {[%clk 0:00:36]} Qa7 {[%clk 0:00:39]} 36. Bf4
{[%clk 0:00:34]} Qxa4 {[%clk 0:00:36]} 37. Qxb6 {[%clk 0:01:02]} Rd1
{[%clk 0:00:45]} 38. Rxd1 {[%clk 0:00:32]} Qxd1 {[%clk 0:01:14]} 39. Bh6+
{[%clk 0:00:32]} Kg6 {[%clk 0:01:40]} 40. Qa6 {[%clk 0:30:54]} c4
{[%clk 0:30:43]} 41. Qxc4 {[%clk 0:25:42]} Kxh6 {[%clk 0:29:43]} 42. Qxf7
{[%clk 0:22:14]} Qd6 {[%clk 0:28:55]} 43. c4 {[%clk 0:22:35]} Be5
{[%clk 0:24:13]} 44. Qb7 {[%clk 0:18:51]} Bf5 {[%clk 0:22:39]} 45. Be2
{[%clk 0:13:47]} Bg6 {[%clk 0:14:59]} 46. Qa8 {[%clk 0:10:35]} Qe7
{[%clk 0:14:17]} 47. Qc8 {[%clk 0:09:55]} Bd6 {[%clk 0:12:19]} 48. Qg4
{[%clk 0:08:46]} Qf6 {[%clk 0:11:48]} 49. Bd1 {[%clk 0:06:04]} Bf5
{[%clk 0:09:53]} 50. Qh5+ {[%clk 0:06:05]} Kg7 {[%clk 0:10:18]} 51. Be2
{[%clk 0:05:49]} Be6 {[%clk 0:07:10]} 52. Qb5 {[%clk 0:03:22]} Bg3
{[%clk 0:02:55]} 53. fxg3 {[%clk 0:00:46]} hxg3 {[%clk 0:03:23]} 54. c5
{[%clk 0:00:31]} Qf2+ {[%clk 0:03:43]} 55. Kh1 {[%clk 0:00:58]} Qxe3
{[%clk 0:03:58]} 56. Qb2+ {[%clk 0:00:31]} Kg6 {[%clk 0:04:08]} 57. Bh5+
{[%clk 0:00:31]} Kxh5 {[%clk 0:04:12]} 58. Qe5+ {[%clk 0:00:39]} Qg5 0-1

[Event "Moscow Open A,B"]
[Site "?"]
[Date "2017.01.30"]
[Round "3.15"]
[White "Nikitenko, Mihail"]
[Black "Volkov, Sergey"]
[Result "0-1"]
[BlackElo "2617"]
[WhiteElo "2395"]
[LiveChessVersion "1.4.8"]

1. e4 {[%clk 1:30:55]} e6 {[%clk 1:30:52]} 2. d4 {[%clk 1:31:06]} d5
{[%clk 1:31:14]} 3. Nd2 {[%clk 1:31:20]} c5 {[%clk 1:31:30]} 4. exd5
{[%clk 1:31:23]} Qxd5 {[%clk 1:31:51]} 5. Ngf3 {[%clk 1:31:38]} cxd4
{[%clk 1:32:13]} 6. Bc4 {[%clk 1:31:57]} Qd7 {[%clk 1:32:25]} 7. O-O
{[%clk 1:31:16]} Nc6 {[%clk 1:32:41]} 8. Nb3 {[%clk 1:30:43]} Nf6
{[%clk 1:32:40]} 9. Qe2 {[%clk 1:30:50]} a6 {[%clk 1:33:04]} 10. a4
{[%clk 1:31:10]} Be7 {[%clk 1:33:20]} 11. Rd1 {[%clk 1:30:11]} Qc7
{[%clk 1:33:35]} 12. Nbxd4 {[%clk 1:30:12]} O-O {[%clk 1:34:00]} 13. c3
{[%clk 1:28:57]} Bd7 {[%clk 1:31:34]} 14. Bg5 {[%clk 1:23:46]} Rad8
{[%clk 1:28:22]} 15. Bb3 {[%clk 1:14:00]} Rfe8 {[%clk 1:23:00]} 16. Bc2
{[%clk 1:07:57]} g6 {[%clk 1:15:46]} 17. h4 {[%clk 1:02:31]} Ng4 {[%clk 1:09:08]}
18. g3 {[%clk 0:45:45]} Nxd4 {[%clk 1:02:29]} 19. cxd4 {[%clk 0:43:10]} Bc6
{[%clk 1:00:30]} 20. Bxe7 {[%clk 0:37:19]} Qxe7 {[%clk 0:58:51]} 21. Ne5
{[%clk 0:36:43]} Nxe5 {[%clk 0:59:01]} 22. dxe5 {[%clk 0:34:30]} Qb4
{[%clk 0:53:58]} 23. b3 {[%clk 0:32:47]} Qc3 {[%clk 0:50:56]} 24. Rab1
{[%clk 0:30:37]} Rd5 {[%clk 0:38:37]} 25. Rxd5 {[%clk 0:30:06]} Bxd5
{[%clk 0:39:02]} 26. Rd1 {[%clk 0:14:15]} Rc8 {[%clk 0:38:03]} 27. Rd2
{[%clk 0:14:37]} Bf3 {[%clk 0:35:31]} 28. Qe1 {[%clk 0:12:14]} Kg7
{[%clk 0:33:45]} 29. Kh2 {[%clk 0:06:45]} Rc5 {[%clk 0:32:34]} 30. Qc1
{[%clk 0:00:55]} Be4 {[%clk 0:28:15]} 31. h5 {[%clk 0:00:36]} h6 {[%clk 0:28:13]}
32. hxg6 {[%clk 0:00:36]} Qf3 {[%clk 0:25:51]} 0-1